Textile fibres and their use (Record no. 23879)

MARC details
000 -LEADER
fixed length control field 00303nam a2200121Ia 4500
082 ## - DEWEY DECIMAL CLASSIFICATION NUMBER
Classification number 677
Item number HES
100 ## - MAIN ENTRY--AUTHOR NAME
Personal name Hess, Katrarine Paddock
245 #0 - TITLE STATEMENT
Title Textile fibres and their use
250 ## - EDITION STATEMENT
Edition statement 6
260 ## - PUBLICATION, DISTRIBUTION, ETC. (IMPRINT)
Place of publication New Delhi
Name of publisher Oxford and IBH
Year of publication 1966
942 ## - ADDED ENTRY ELEMENTS (KOHA)
Koha item type Books
Holdings
Withdrawn status Lost status Damaged status Not for loan Home library Current library Date acquired Cost, normal purchase price Full call number Accession Number Koha item type
        RRII Library RRII Library 16/12/2021 21.00 677 HES 04573 Books